Представление документа в формате RUSMARC

ПолеНазваниеЗначение
  Тип записи a
  Библиографический уровень m
001 Контрольный номер RU/SLIB/B/208742473
005 Дата корректировки 20201206204100.6
010 Индекс ISBN __
d Цена 1000-00
101 Язык документа __
a Язык текста rus
200 Заглавие и сведения об ответственности 1_
a Заглавие Швейные машины
e Сведения, относящиеся к заглавию ил. пособие
f Первые сведения об ответственности Франц В. Я., Исаев В. В.
b Общее обозначение материала Текст
205 Сведения об издании __
a Основные сведения об издании 2-е изд., перераб. и доп.
210 Выходные данные __
a Место издания М.
c Издательство Легпромбытиздат
d Дата издания 1986
215 Физическое описание __
a Объем 184 с.
c Иллюстрации/тип воспроизводства ил.
606 Тематические рубрики __
a Основная рубрика Легкая промышленность
606 Тематические рубрики __
a Основная рубрика Швейное производство
610 Ключевые слова __
a Ключевые слова швейная промышленность; швейные машины
686 Индексы других классификаций __
a Классификационный индекс 37.24-5
700 Автор _0
a Фамилия Франц
b Имя В. Я.
4 Код отношения 070
702 Вторичная интеллектуальная ответственность __
a Фамилия Исаев
b Имя В. В.
4 Код отношения Автор
801 Источник записи _0
a Страна RU
b Организация Муниципальное бюджетное учреждение культуры "Централизованная библиотечная система" г. Сургут (Центральная городская библиотека им. А. С. Пушкина)
g Правила каталогизации КиК/Елгина
801 Источник записи _1
a Страна RU
b Организация Муниципальное бюджетное учреждение культуры "Централизованная библиотечная система" г. Сургут (Центральная городская библиотека им. А. С. Пушкина)
g Правила каталогизации КиК/Елгина
852 Данные о местонахождении __
j Шифр хранения 37.24-5
c Каталожный индекс 37.24-5
i Авторский знак Ф 84
p Инвентарный номер 57544
901 Тип документа __
t Тип документа m
990 Данные о заказе (DOS) __
j Количество экземпляров (DOS) 1